[Event "ChessOrg Schachfestival  2015 - Open"]
[Site "Bad Wörishofen"]
[Date "2015.02.27"]
[Round "1.1"]
[White "Flemming, Achim"]
[Black "Khenkin, Igor"]
[Result "0-1"]
[WhiteElo "2008"]
[BlackElo "2590"]
[Annotator "chessorg"]
[PlyCount "52"]
[EventDate "2015.??.??"]
[WhiteTeam "SF Starnberger See e.V."]
[BlackTeam "Schachgemeinschaft Porz e.V."]

1. e4 c5 2. Nf3 Nc6 3. d3 g6 4. g3 Bg7 5. Bg2 d6 6. O-O e5 7. c3 Nge7 8. Na3
O-O 9. Nc2 f5 10. Qe2 f4 11. d4 cxd4 12. cxd4 fxg3 13. fxg3 exd4 14. Qc4+ Kh8
15. Ncxd4 Nxd4 16. Nxd4 Rxf1+ 17. Bxf1 Qb6 18. Be3 Qxb2 19. Rd1 Bg4 20. Rd2 Qb1
21. Nb5 Nc6 22. Nxd6 Ne5 23. Nf7+ Nxf7 24. Qxf7 Rf8 25. Qc4 Qe1 26. Bf4 Bh3 0-1

[Event "ChessOrg Schachfestival  2015 - Open"]
[Site "Bad Wörishofen"]
[Date "2015.02.27"]
[Round "1.32"]
[White "Buchaeckert, Juergen"]
[Black "Mueller, Werner"]
[Result "0-1"]
[WhiteElo "1931"]
[BlackElo "2191"]
[Annotator "chessorg"]
[PlyCount "52"]
[EventDate "2015.??.??"]
[WhiteTeam "SK 1912 Ludwigshafen"]
[BlackTeam "SK 1908 Goeggingen"]

1. e4 c5 2. c3 d5 3. exd5 Qxd5 4. d4 Nc6 5. Nf3 Nf6 6. Be3 cxd4 7. cxd4 e6 8.
Nc3 Qd8 9. a3 Be7 10. Bd3 O-O 11. Qc2 b6 12. Ne4 Bb7 13. Nxf6+ gxf6 14. Bxh7+
Kg7 15. Bd3 Rc8 16. Qe2 Rh8 17. O-O Qd6 18. h3 Rcg8 19. Rfd1 Kf8 20. Kh1 Qd5
21. Bc4 Qf5 22. Bd3 Rxh3+ 23. Nh2 Nxd4 24. Qf1 Rxh2+ 25. Kxh2 Qh5+ 26. Kg1 Nf3#
0-1

[Event "ChessOrg Schachfestival  2015 - Open"]
[Site "Bad Wörishofen"]
[Date "2015.02.27"]
[Round "1.35"]
[White "Kugelmann, Werner"]
[Black "Kluegel, Jan"]
[Result "1-0"]
[WhiteElo "2181"]
[BlackElo "1917"]
[Annotator "chessorg"]
[PlyCount "60"]
[EventDate "2015.??.??"]
[WhiteTeam "TSV Wertingen 1862 SAbt"]
[BlackTeam "SV VHS Rendsburg"]

1. e4 c6 2. d4 d5 3. e5 Bf5 4. h4 h5 5. c4 e6 6. Nc3 Be7 7. Nf3 Bg4 8. cxd5
exd5 9. Be2 Nh6 10. g3 Nf5 11. Ng5 Bxe2 12. Nxe2 Bb4+ 13. Kf1 O-O 14. Nf4 g6
15. Nxh5 Qb6 16. Nf6+ Kg7 17. Be3 Be7 18. Ngh7 Qb5+ 19. Kg1 Bxf6 20. Nxf6 Rh8
21. b3 Na6 22. h5 Nc7 23. Qd2 Ne6 24. h6+ Kf8 25. g4 Nxe3 26. fxe3 Ng5 27. Rf1
Ke7 28. e4 Ne6 29. exd5 cxd5 30. g5 Qb6 1-0

[Event "ChessOrg Schachfestival  2015 - Open"]
[Site "Bad Wörishofen"]
[Date "2015.02.27"]
[Round "1.36"]
[White "Bergen, Klaus"]
[Black "Schatz, Christian"]
[Result "1-0"]
[WhiteElo "1915"]
[BlackElo "2178"]
[Annotator "chessorg"]
[PlyCount "93"]
[EventDate "2015.??.??"]
[WhiteTeam "SK Aua"]
[BlackTeam "TSV 1869 e. V. Rottendorf"]

1. e4 Nf6 2. e5 Nd5 3. Nc3 Nb6 4. Nf3 d5 5. d4 Bf5 6. Nh4 Bd7 7. f4 e6 8. Nf3
c5 9. a3 Nc6 10. Be3 cxd4 11. Nxd4 Rc8 12. Bd3 Nxd4 13. Bxd4 Bc5 14. Ne2 Bxd4
15. Nxd4 Na4 16. Nb5 O-O 17. Nd6 Nxb2 18. Qd2 Rc6 19. O-O Qc7 20. Rab1 Rb6 21.
Qa5 Nxd3 22. cxd3 Qc2 23. Rxb6 axb6 24. Qxb6 Bc6 25. d4 g6 26. Qb4 Qd3 27. Rf3
Qd1+ 28. Rf1 Qe2 29. Qb3 Qd2 30. Qb4 Qe3+ 31. Kh1 Ra8 32. Qb6 Qxa3 33. Qc7 Rf8
34. Qe7 Qd3 35. Kg1 Qxd4+ 36. Kh1 Qd3 37. Ra1 Qe3 38. Qf6 Qc3 39. Rf1 d4 40. f5
Qh3 41. Rf2 Qe3 42. fxe6 Qe1+ 43. Rf1 Bxg2+ 44. Kxg2 Qe2+ 45. Kh1 Qxf1+ 46.
Qxf1 fxe6 47. Qc4 1-0

[Event "ChessOrg Schachfestival  2015 - Open"]
[Site "Bad Wörishofen"]
[Date "2015.02.27"]
[Round "1.42"]
[White "Riedl, Guenter"]
[Black "Babar, Michael"]
[Result "0-1"]
[WhiteElo "1899"]
[BlackElo "2149"]
[Annotator "chessorg"]
[PlyCount "48"]
[EventDate "2015.??.??"]
[WhiteTeam "SK Marktoberdorf"]
[BlackTeam "Schachclub Hansa Dortmund e.V."]

1. e4 c5 2. Nf3 e6 3. d4 cxd4 4. Nxd4 a6 5. Be3 Qc7 6. Bd3 Nf6 7. Nd2 Nc6 8.
Nxc6 Qxc6 9. O-O d6 10. Qe2 Be7 11. Bf4 e5 12. Bg5 Be6 13. Bxf6 Bxf6 14. c4 O-O
15. b3 Bd8 16. h3 Bb6 17. Nf3 f6 18. Rac1 Qd7 19. Bb1 Rad8 20. Rfd1 Qe7 21. Ne1
f5 22. Kh2 f4 23. Qf3 Qh4 24. Kg1 g5 0-1

[Event "ChessOrg Schachfestival  2015 - Open"]
[Site "Bad Wörishofen"]
[Date "2015.02.27"]
[Round "1.45"]
[White "Wittfoth, Kai-Uve"]
[Black "Koch, Till"]
[Result "1/2-1/2"]
[WhiteElo "2139"]
[BlackElo "1889"]
[Annotator "chessorg"]
[PlyCount "40"]
[EventDate "2015.??.??"]
[WhiteTeam "SF Bremer Osten Buergerhaus Mahndorf e.V."]
[BlackTeam "Schachverein Unser Fritz Wanne-Eickel 1955 e."]

1. d4 Nf6 2. Nf3 e6 3. Bf4 Nc6 4. e3 b6 5. Nbd2 Bb7 6. c3 Be7 7. Bd3 d6 8. Qe2
Qd7 9. O-O e5 10. Bg3 h5 11. Rfd1 e4 12. Nxe4 Nxe4 13. Bxe4 Qg4 14. Bxc6+ Bxc6
15. d5 Bd7 16. Rd4 Qg6 17. h4 Bf6 18. Rd2 O-O 19. Nd4 Rfe8 20. Qe1 Qe4 1/2-1/2

[Event "ChessOrg Schachfestival  2015 - Open"]
[Site "Bad Wörishofen"]
[Date "2015.02.27"]
[Round "1.58"]
[White "Behling, Robert"]
[Black "Auschkalnis, Reinhard"]
[Result "1-0"]
[WhiteElo "2097"]
[BlackElo "1829"]
[Annotator "chessorg"]
[PlyCount "87"]
[EventDate "2015.??.??"]
[WhiteTeam "SAbt TSV Haunstetten"]
[BlackTeam "Schachclub Bonn Beuel"]

1. c4 e5 2. Nc3 d6 3. Nf3 f5 4. d4 e4 5. Ng1 Nf6 6. Bg5 Be7 7. e3 Na6 8. Nh3 c6
9. Nf4 O-O 10. Be2 Nc7 11. Qb3 Nfe8 12. Bxe7 Qxe7 13. h4 g6 14. O-O-O Ne6 15.
g3 Nxf4 16. gxf4 Be6 17. h5 Rf6 18. Rdg1 Bf7 19. hxg6 Rxg6 20. Qd1 Rxg1 21.
Qxg1+ Kh8 22. Rh6 Bg8 23. Rh5 Ng7 24. Rg5 Rf8 25. d5 c5 26. Bf1 a6 27. a4 Qf7
28. Bh3 Qd7 29. Nxe4 b5 30. Nc3 bxc4 31. Bf1 Ne8 32. Bxc4 Nf6 33. Qg2 Ng4 34.
Be2 Nf6 35. Bd3 Ne8 36. Bxf5 Qb7 37. Bc2 Nf6 38. e4 Rb8 39. Nd1 Qb4 40. Rf5 Qd4
41. f3 Nd7 42. Qd2 Qg1 43. Rg5 Qh1 44. Qc3+ 1-0

[Event "ChessOrg Schachfestival  2015 - Open"]
[Site "Bad Wörishofen"]
[Date "2015.02.27"]
[Round "1.70"]
[White "Carrozza, Gregorio"]
[Black "Engl, Heinz"]
[Result "1-0"]
[WhiteElo "1669"]
[BlackElo "2034"]
[Annotator "chessorg"]
[PlyCount "79"]
[EventDate "2015.??.??"]
[BlackTeam "Blinden SC Muenchen"]

1. e4 c5 2. Nf3 d6 3. d4 cxd4 4. Nxd4 Nf6 5. Nc3 g6 6. Be3 Bg7 7. f3 O-O 8. Qd2
Nc6 9. O-O-O d5 10. Nb3 dxe4 11. Qxd8 Nxd8 12. fxe4 Nc6 13. Be2 Ng4 14. Bxg4
Bxg4 15. Rd2 Ne5 16. h3 Nc4 17. hxg4 Nxe3 18. Rd7 e6 19. g5 b6 20. g3 a5 21. a4
Rac8 22. Rd3 Ng4 23. Rd6 Bxc3 24. bxc3 Rxc3 25. Rxb6 Rfc8 26. Rd1 Rxc2+ 27. Kb1
R2c4 28. Nxa5 Rxa4 29. Nc6 Kg7 30. Rd7 Rxe4 31. Rbb7 Rf8 32. Nd8 Re1+ 33. Kb2
Ne5 34. Nxe6+ Kg8 35. Nxf8 Kxf8 36. Rd8+ Kg7 37. Rbb8 h6 38. Rg8+ Kh7 39. Rh8+
Kg7 40. Rbg8# 1-0

[Event "ChessOrg Schachfestival  2015 - Open"]
[Site "Bad Wörishofen"]
[Date "2015.02.27"]
[Round "1.80"]
[White "Straßer, Josef"]
[Black "Bernardi, Ruben"]
[Result "0-1"]
[WhiteElo "1870"]
[BlackElo "2118"]
[Annotator "chessorg"]
[PlyCount "44"]
[EventDate "2015.??.??"]
[WhiteTeam "Schach-Union Muenchen e.V."]
[BlackTeam "Groeden"]

1. e4 e6 2. d4 d5 3. exd5 exd5 4. Nf3 Bd6 5. Bd3 Bg4 6. b3 Nc6 7. Qe2+ Nge7 8.
c3 Qd7 9. Nbd2 f6 10. Bb2 O-O-O 11. O-O-O Rde8 12. Qf1 g5 13. Be2 Ng6 14. Ng1
Bf5 15. g3 Nxd4 16. cxd4 Qc6+ 17. Nc4 dxc4 18. d5 Qc5 19. bxc4 Ne5 20. Nf3 Nxf3
21. Bxf3 Qa5 22. Be2 Ba3 0-1

[Event "ChessOrg Schachfestival  2015 - Open"]
[Site "Bad Wörishofen"]
[Date "2015.02.27"]
[Round "1.86"]
[White "Schiegg, Peter"]
[Black "Wagner, Leopold"]
[Result "1-0"]
[WhiteElo "2032"]
[BlackElo "1643"]
[Annotator "chessorg"]
[PlyCount "55"]
[EventDate "2015.??.??"]
[WhiteTeam "SF Bad Groenenbach"]
[BlackTeam "BSG Gruen-Weiß Leipzig e. V."]

1. d4 d5 2. Nf3 Nf6 3. Bf4 e6 4. e3 Be7 5. Nbd2 b6 6. c3 O-O 7. Bd3 Bb7 8. Ne5
Nbd7 9. O-O Nxe5 10. dxe5 Nd7 11. Qh5 f5 12. Nf3 Qe8 13. Qh3 Nc5 14. Be2 Ne4
15. Nd4 Qd7 16. g4 g5 17. Bg3 Nxg3 18. fxg3 c5 19. gxf5 cxd4 20. fxe6 Qc7 21.
Bd3 Bc5 22. exd4 b5 23. Rf6 Rae8 24. Raf1 Rxf6 25. exf6 Rxe6 26. Qxe6+ Kf8 27.
f7 Qe7 28. Qh6# 1-0

[Event "ChessOrg Schachfestival  2015 - Open"]
[Site "Bad Wörishofen"]
[Date "2015.02.27"]
[Round "1.87"]
[White "Bangert, Ruediger"]
[Black "Knoll, Georg"]
[Result "0-1"]
[WhiteElo "1633"]
[BlackElo "2029"]
[Annotator "chessorg"]
[PlyCount "58"]
[EventDate "2015.??.??"]
[WhiteTeam "Ohne"]
[BlackTeam "VfL Leipheim 1898"]

1. f4 Nh6 2. Nf3 d5 3. e3 e6 4. b3 c5 5. Bb2 Nf5 6. Bd3 Nc6 7. a3 Be7 8. Nc3
Bf6 9. Rb1 Nh4 10. Qe2 Nxf3+ 11. Qxf3 Bh4+ 12. g3 Bf6 13. O-O Bd7 14. Rf2 a6
15. Ne2 Bxb2 16. Rxb2 Qa5 17. Nc3 Qxa3 18. Ra2 Qc1+ 19. Kg2 Nb4 20. Ne2 Qxd2
21. Ra1 Nxd3 22. cxd3 Qxd3 23. Rc1 Rc8 24. Nc3 Bc6 25. Kg1 O-O 26. Qg4 Qxe3 27.
Rcc2 d4 28. Nd1 Qe1+ 29. Rf1 Qe4 0-1

[Event "ChessOrg Schachfestival  2015 - Open"]
[Site "Bad Wörishofen"]
[Date "2015.02.27"]
[Round "1.90"]
[White "Albert-Thiele, Uwe"]
[Black "Ramin, Michael"]
[Result "0-1"]
[WhiteElo "1451"]
[BlackElo "2019"]
[Annotator "chessorg"]
[PlyCount "52"]
[EventDate "2015.??.??"]
[WhiteTeam "SK Freiburg West 1967"]
[BlackTeam "SV Dicker Turm Esslingen"]

1. d4 Nf6 2. c4 g6 3. Nc3 Bg7 4. Bg5 h6 5. Bxf6 Bxf6 6. Nf3 d6 7. e3 Nd7 8. Be2
Bg7 9. Qa4 c6 10. Rd1 O-O 11. Qc2 e5 12. dxe5 dxe5 13. Ne4 Qa5+ 14. Nc3 Nc5 15.
O-O f5 16. a3 Qc7 17. b4 Ne6 18. e4 f4 19. Rd3 g5 20. Rfd1 g4 21. Nh4 Nd4 22.
Qb2 Qf7 23. f3 Bf6 24. Nf5 Nxf5 25. exf5 Bxf5 26. fxg4 Bxd3 0-1

[Event "ChessOrg Schachfestival  2015 - Open"]
[Site "Bad Wörishofen"]
[Date "2015.02.27"]
[Round "1.2"]
[White "Halkias, Stelios"]
[Black "Deues, Erik"]
[Result "1-0"]
[WhiteElo "2527"]
[BlackElo "2007"]
[Annotator "chessorg"]
[PlyCount "47"]
[EventDate "2015.??.??"]
[BlackTeam "Schachklub Germering e. V."]

1. Nf3 c5 2. c4 Nc6 3. Nc3 g6 4. e3 Nf6 5. d4 cxd4 6. exd4 d5 7. cxd5 Nxd5 8.
Qb3 Nxc3 9. Bc4 Nd5 10. Bxd5 e6 11. Bxc6+ bxc6 12. O-O Qd5 13. Be3 Bd6 14. Bh6
Rb8 15. Qe3 Rg8 16. Bf4 Ke7 17. Bxd6+ Qxd6 18. b3 Bd7 19. Rac1 Rb5 20. Ng5 Rgb8
21. Ne4 Qa3 22. Qf4 R8b6 23. Rc5 f5 24. Qh4+ 1-0

[Event "ChessOrg Schachfestival  2015 - Open"]
[Site "Bad Wörishofen"]
[Date "2015.02.27"]
[Round "1.4"]
[White "Teske, Henrik"]
[Black "Mack, Thomas"]
[Result "1-0"]
[WhiteElo "2483"]
[BlackElo "2007"]
[Annotator "chessorg"]
[PlyCount "59"]
[EventDate "2015.??.??"]
[WhiteTeam "SV &#34;Glueck auf&#34; Ruedersdorf e.V."]
[BlackTeam "SC Tarrasch 45 München"]

1. e4 e6 2. d4 d5 3. Nc3 dxe4 4. Nxe4 Nd7 5. Bd3 Ngf6 6. Qe2 c5 7. Nf3 cxd4 8.
Nxd4 Nxe4 9. Bxe4 Nc5 10. c3 Nxe4 11. Qxe4 Bc5 12. Be3 Bxd4 13. Bxd4 O-O 14.
O-O-O Qd5 15. Qe3 Qa5 16. h4 f6 17. g4 e5 18. Bc5 Rd8 19. Rxd8+ Qxd8 20. Rd1
Qe8 21. g5 f5 22. Rd5 e4 23. Bxa7 Be6 24. Re5 Qa4 25. Rxe6 Rxa7 26. Qb6 Ra6 27.
Qd8+ Kf7 28. Qe7+ Kg8 29. Rxa6 bxa6 30. Qe6+ 1-0

[Event "ChessOrg Schachfestival  2015 - Open"]
[Site "Bad Wörishofen"]
[Date "2015.02.27"]
[Round "1.5"]
[White "Klamp, Christoph"]
[Black "Karpatchev, Alexandr"]
[Result "0-1"]
[WhiteElo "2005"]
[BlackElo "2472"]
[Annotator "chessorg"]
[PlyCount "52"]
[EventDate "2015.??.??"]
[WhiteTeam "SV Griesheim (DA)"]
[BlackTeam "SF Bad Mergentheim"]

1. Nf3 d5 2. d4 Nf6 3. c4 dxc4 4. e3 b5 5. a4 b4 6. Bxc4 e6 7. Nbd2 Be7 8. O-O
O-O 9. Qc2 Bb7 10. Rd1 Nbd7 11. Ne5 c5 12. Qb3 cxd4 13. exd4 Nb6 14. Nf1 Nxc4
15. Nxc4 Rc8 16. Bf4 Bxg2 17. Kxg2 Qd5+ 18. Kg1 Qxc4 19. Qxc4 Rxc4 20. Ne3 Rcc8
21. Bg5 Rfd8 22. Rab1 Kf8 23. Rd2 Ne4 24. Bxe7+ Kxe7 25. Rdd1 f5 26. f3 Ng5 0-1

[Event "ChessOrg Schachfestival  2015 - Open"]
[Site "Bad Wörishofen"]
[Date "2015.02.27"]
[Round "1.6"]
[White "Romanishin, Oleg"]
[Black "Hamlack, Heinz"]
[Result "1-0"]
[WhiteElo "2472"]
[BlackElo "2003"]
[Annotator "chessorg"]
[PlyCount "85"]
[EventDate "2015.??.??"]
[BlackTeam "Post-SV Memmingen e.V."]

1. Nf3 d5 2. g3 Nf6 3. Bg2 c6 4. O-O Bf5 5. c4 e6 6. Qb3 Qb6 7. d3 Nbd7 8. Be3
dxc4 9. Qxc4 Qb4 10. Nbd2 Be7 11. Qxb4 Bxb4 12. Nc4 O-O 13. a3 Be7 14. Na5 Ng4
15. Bd2 Bf6 16. d4 Be4 17. Nxb7 Rab8 18. Nd6 Bxf3 19. Bxf3 Rxb2 20. Bc1 Rc2 21.
Bxg4 Bxd4 22. Rb1 Ne5 23. e3 Bc5 24. Bd1 Rxc1 25. Rxc1 Bxd6 26. a4 Bb4 27. Be2
c5 28. a5 Rc8 29. a6 Kf8 30. Rfd1 Ke7 31. Kg2 Nd7 32. e4 f6 33. f4 Nb6 34. Rc2
Rc7 35. h4 Rc8 36. h5 h6 37. Kh3 Rb8 38. Bb5 Rc8 39. Rd3 c4 40. Bxc4 Na4 41.
Rb3 Bd6 42. Rb7+ Rc7 43. Rxc7+ 1-0

[Event "ChessOrg Schachfestival  2015 - Open"]
[Site "Bad Wörishofen"]
[Date "2015.02.27"]
[Round "1.8"]
[White "Lampert, Jonas"]
[Black "Straub, Hermann"]
[Result "1-0"]
[WhiteElo "2454"]
[BlackElo "2002"]
[Annotator "chessorg"]
[PlyCount "59"]
[EventDate "2015.??.??"]
[WhiteTeam "Hamburger SK von 1830 eV"]
[BlackTeam "SK Frankenthal"]

1. e4 b6 2. d4 Bb7 3. Bd3 Nf6 4. Qe2 Nc6 5. c3 e5 6. Nf3 exd4 7. O-O Be7 8. e5
Ng8 9. cxd4 Nb4 10. Nc3 Nxd3 11. Qxd3 d5 12. Re1 c6 13. Ne2 Bc8 14. Qc2 Qc7 15.
Nf4 Be6 16. Bd2 Qd7 17. a4 a5 18. Qb3 Bd8 19. Nh5 Kf8 20. Bg5 Ne7 21. Rac1 Rc8
22. Qa3 h6 23. Bh4 Qb7 24. h3 Kg8 25. b4 Nf5 26. Bxd8 Rxd8 27. bxa5 bxa5 28.
Qc5 Rc8 29. Rb1 Qa6 30. g4 1-0

[Event "ChessOrg Schachfestival  2015 - Open"]
[Site "Bad Wörishofen"]
[Date "2015.02.27"]
[Round "1.9"]
[White "Schießl, Siegfried"]
[Black "Skembris, Spyridon"]
[Result "0-1"]
[WhiteElo "2001"]
[BlackElo "2429"]
[Annotator "chessorg"]
[PlyCount "98"]
[EventDate "2015.??.??"]
[WhiteTeam "SC Roter Turm Altstadt"]
[BlackTeam "SK Freiburg Zaehringen 1887 e.V."]

1. c4 e5 2. Nc3 Nf6 3. e4 Bc5 4. h3 O-O 5. g3 c6 6. Bg2 b5 7. d3 b4 8. Na4 Be7
9. Ne2 d5 10. O-O Na6 11. Be3 Be6 12. b3 Qd7 13. Kh2 Rad8 14. f4 exf4 15. gxf4
Bg4 16. e5 dxc4 17. exf6 Bxf6 18. d4 Bxe2 19. Qxe2 Rfe8 20. Qf3 Rxe3 21. Qxe3
Bxd4 22. Qe2 Bxa1 23. Rxa1 Qd4 24. Re1 Qxf4+ 25. Kh1 Nc7 26. Qxc4 Qd2 27. Rf1
Nd5 28. Bxd5 cxd5 29. Qc7 Rf8 30. Nc5 Qe2 31. Qf4 f6 32. Qf3 Qxf3+ 33. Rxf3 Rc8
34. Na6 Kf7 35. Nxb4 Ke6 36. Rd3 Rc5 37. Kg2 a5 38. Re3+ Kd6 39. Nd3 Rc2+ 40.
Kf3 Rxa2 41. Nf4 g5 42. Nh5 f5 43. Nf6 Rh2 44. Kg3 Rd2 45. Kf3 h6 46. Ng8 f4
47. Rc3 Rh2 48. Kg4 Rg2+ 49. Kf5 Rg3 0-1

[Event "ChessOrg Schachfestival  2015 - Open"]
[Site "Bad Wörishofen"]
[Date "2015.02.27"]
[Round "1.10"]
[White "Gutman, Lev"]
[Black "Mattes, Heinz"]
[Result "1-0"]
[WhiteElo "2426"]
[BlackElo "1997"]
[Annotator "chessorg"]
[PlyCount "85"]
[EventDate "2015.??.??"]
[WhiteTeam "SV Lingen"]
[BlackTeam "SK Siemens Muenchen"]

1. Nf3 Nf6 2. g3 g6 3. Bg2 Bg7 4. O-O O-O 5. d4 d6 6. a4 c6 7. a5 Qc7 8. Nbd2
Na6 9. c3 Bd7 10. Re1 Rad8 11. Qb3 Bc8 12. Qa3 Rfe8 13. e4 e5 14. dxe5 dxe5 15.
Nc4 Nd7 16. Nd6 Rf8 17. Be3 Qb8 18. Rad1 b6 19. Nxc8 Qxc8 20. Bh3 bxa5 21. Qxa5
Nab8 22. Bc5 Rfe8 23. Qxa7 Qa6 24. Qxa6 Nxa6 25. Bxd7 Nxc5 26. Bxe8 Rxe8 27.
Rd6 Rc8 28. b4 Na4 29. Red1 f6 30. Rd8+ Rxd8 31. Rxd8+ Kf7 32. Rd7+ Kg8 33. c4
Nc3 34. Nd2 Bf8 35. c5 Ne2+ 36. Kf1 Nd4 37. Nc4 Nc2 38. Rb7 Nd4 39. Na5 f5 40.
Rc7 Bh6 41. Nxc6 Nf3 42. exf5 gxf5 43. Ne7+ 1-0

[Event "ChessOrg Schachfestival  2015 - Open"]
[Site "Bad Wörishofen"]
[Date "2015.02.27"]
[Round "1.16"]
[White "Von Saldern, Ruediger"]
[Black "Wichmann, Cliff"]
[Result "0-1"]
[WhiteElo "1976"]
[BlackElo "2363"]
[Annotator "chessorg"]
[PlyCount "44"]
[EventDate "2015.??.??"]
[WhiteTeam "SF Starnberger See e.V."]
[BlackTeam "ESV Nickelhuette Aue"]

1. d4 d5 2. Nf3 Nf6 3. c4 dxc4 4. Nc3 c5 5. d5 e6 6. e4 exd5 7. exd5 Bd6 8.
Bxc4 O-O 9. O-O a6 10. a4 Bg4 11. h3 Bh5 12. Bg5 Re8 13. Be2 Nbd7 14. Re1 Qc7
15. Qd2 Ne4 16. Nxe4 Rxe4 17. Be3 h6 18. Bxh6 gxh6 19. Qxh6 Bg6 20. Ng5 Bf8 21.
Ne6 Rxe6 22. dxe6 Bxh6 0-1

[Event "ChessOrg Schachfestival  2015 - Open"]
[Site "Bad Wörishofen"]
[Date "2015.02.27"]
[Round "1.20"]
[White "Schmitt, Karl"]
[Black "Melamed, Tatjana"]
[Result "0-1"]
[WhiteElo "1956"]
[BlackElo "2279"]
[Annotator "chessorg"]
[PlyCount "48"]
[EventDate "2015.??.??"]
[WhiteTeam "Bergische Schachfreunde"]
[BlackTeam "SG Aufbau Elbe Magdeburg"]

1. d4 Nf6 2. Nf3 g6 3. c4 Bg7 4. Nc3 O-O 5. e4 d6 6. h3 c6 7. Be2 Nbd7 8. Bg5
e5 9. d5 h6 10. Be3 cxd5 11. cxd5 Nh5 12. Qd2 Nf4 13. Bxf4 exf4 14. Qxf4 Qb6
15. Qd2 Nc5 16. O-O Re8 17. Bd3 Bd7 18. Rfe1 Nxd3 19. Qxd3 Qxb2 20. Rac1 Rac8
21. Nd4 Rc5 22. Nde2 Rec8 23. Rc2 Qa3 24. Rec1 Ba4 0-1

[Event "ChessOrg Schachfestival  2015 - Open"]
[Site "Bad Wörishofen"]
[Date "2015.02.27"]
[Round "1.23"]
[White "Haasler, Andreas"]
[Black "Lotz, Ralf"]
[Result "1-0"]
[WhiteElo "2252"]
[BlackElo "1952"]
[Annotator "chessorg"]
[PlyCount "61"]
[EventDate "2015.??.??"]
[WhiteTeam "Sfr.Heidesheim"]
[BlackTeam "SC 1952 Obertshausen"]

1. Nf3 e6 2. d4 d5 3. c4 Nf6 4. Nc3 Bb4 5. Qb3 c5 6. e3 Nc6 7. dxc5 Ne4 8. a3
Qa5 9. Bd2 Nxd2 10. Nxd2 d4 11. Nce4 Bxd2+ 12. Nxd2 Qxc5 13. O-O-O dxe3 14. Ne4
Qb6 15. Nd6+ Ke7 16. Qc3 f6 17. c5 Qc7 18. Qxe3 e5 19. Bc4 Rd8 20. Qe4 g6 21.
Qd5 Rf8 22. Nxc8+ Qxc8 23. Qd6+ Ke8 24. Be6 Qd8 25. Bd7+ Kf7 26. Qe6+ Kg7 27.
Bxc6 Qc8 28. Rd7+ Kh6 29. Qh3+ Kg5 30. Qg3+ Kh6 31. Qh4# 1-0

[Event "ChessOrg Schachfestival  2015 - Open"]
[Site "Bad Wörishofen"]
[Date "2015.02.27"]
[Round "1.24"]
[White "Schinnerl, Werner"]
[Black "Guttenthaler, Franz"]
[Result "0-1"]
[WhiteElo "1952"]
[BlackElo "2243"]
[Annotator "chessorg"]
[PlyCount "64"]
[EventDate "2015.??.??"]
[BlackTeam "Schachklub Germering e. V."]

1. e4 e6 2. d4 d5 3. Nc3 Nf6 4. Bg5 Bb4 5. e5 h6 6. Bd2 Bxc3 7. Bxc3 Ne4 8. Bb4
b6 9. Qg4 Qg5 10. Qxg5 hxg5 11. Bd3 f5 12. Ne2 g4 13. Bxe4 dxe4 14. c4 Ba6 15.
b3 Nc6 16. Bc3 O-O-O 17. O-O-O g5 18. Ng3 Ne7 19. Bb4 Ng6 20. d5 exd5 21. cxd5
Nxe5 22. Bc3 Nd3+ 23. Rxd3 Bxd3 24. Bxh8 Rxh8 25. Nxf5 Rf8 26. Ne3 Rxf2 27. a3
Re2 28. Nxg4 Rxg2 29. h3 Rc2+ 30. Kd1 Rb2 31. Re1 Rxb3 32. Nf2 Rxa3 0-1

[Event "ChessOrg Schachfestival  2015 - Open"]
[Site "Bad Wörishofen"]
[Date "2015.02.27"]
[Round "1.29"]
[White "Chkhaidze, Nikoloz"]
[Black "Gerhards, Walter"]
[Result "1-0"]
[WhiteElo "2212"]
[BlackElo "1939"]
[Annotator "chessorg"]
[PlyCount "53"]
[EventDate "2015.??.??"]
[BlackTeam "Ratinger Schachklub 1950"]

1. Nf3 Nf6 2. c4 e6 3. g3 d5 4. Bg2 Be7 5. d4 O-O 6. O-O Nbd7 7. Nc3 dxc4 8. e4
c5 9. d5 Nb6 10. d6 Bxd6 11. e5 Nfd5 12. exd6 Qxd6 13. Ne4 Qe7 14. Qe2 Bd7 15.
Ne5 Rfd8 16. Nxc4 Bb5 17. b3 Nb4 18. Be3 Rac8 19. a4 Ba6 20. a5 N6d5 21. Rac1
Nxe3 22. fxe3 Qc7 23. Qh5 Rd5 24. Ng5 h6 25. Bxd5 exd5 26. Rxf7 Qc6 27. Rxg7+
1-0

[Event "ChessOrg Schachfestival  2015 - Open"]
[Site "Bad Wörishofen"]
[Date "2015.02.27"]
[Round "1.30"]
[White "Wltschek, Christian"]
[Black "Boehmer, Christian"]
[Result "0-1"]
[WhiteElo "1936"]
[BlackElo "2204"]
[Annotator "chessorg"]
[PlyCount "58"]
[EventDate "2015.??.??"]
[WhiteTeam "TSV Wacker Neutraubling"]
[BlackTeam "Freibauer Moerlenbach-Birkenau"]

1. e4 d6 2. d4 g6 3. Nc3 Bg7 4. f4 a6 5. Nf3 Nd7 6. e5 c5 7. exd6 cxd4 8. Ne4
Nc5 9. Nxc5 Qa5+ 10. Bd2 Qxc5 11. dxe7 Nxe7 12. Bd3 Bf5 13. Qe2 Bxd3 14. cxd3
O-O 15. O-O Nd5 16. Rfc1 Qd6 17. g3 Rfe8 18. Qf2 Qb6 19. b3 Ne3 20. Rab1 Qb5
21. Ne1 Re7 22. a4 Qf5 23. Qf3 Rae8 24. Bxe3 dxe3 25. Rc4 e2 26. Rbc1 b5 27.
Rc7 Re3 28. Qb7 Qh3 29. Qg2 Rxg3 0-1

[Event "ChessOrg Schachfestival  2015 - Open"]
[Site "Bad Wörishofen"]
[Date "2015.02.27"]
[Round "1.40"]
[White "Hauff, Andre"]
[Black "Lipok, Christoph"]
[Result "0-1"]
[WhiteElo "1904"]
[BlackElo "2161"]
[Annotator "chessorg"]
[PlyCount "66"]
[EventDate "2015.??.??"]
[WhiteTeam "ESV &#34;1949 Eberswalde&#34; e.V."]
[BlackTeam "SK 1908 Goeggingen"]

1. d4 f5 2. Nc3 Nf6 3. Bg5 d5 4. Bxf6 exf6 5. e3 c6 6. Bd3 Bd6 7. Qh5+ g6 8.
Qh6 Qe7 9. h4 Be6 10. f3 Na6 11. O-O-O Nb4 12. Nge2 O-O-O 13. Kb1 Qf7 14. e4
dxe4 15. fxe4 Bxa2+ 16. Kc1 Nxd3+ 17. Rxd3 Bc4 18. Rdd1 fxe4 19. Qe3 Bxe2 20.
Qxe2 f5 21. Rhf1 Qc7 22. d5 Bf4+ 23. Kb1 Be5 24. dxc6 Qxc6 25. g4 Bxc3 26. bxc3
Rxd1+ 27. Rxd1 Qxc3 28. gxf5 Qb4+ 29. Kc1 gxf5 30. Qf2 Qa5 31. Rd4 Qa1+ 32. Kd2
Qxd4+ 33. Qxd4 Rd8 0-1

[Event "ChessOrg Schachfestival  2015 - Open"]
[Site "Bad Wörishofen"]
[Date "2015.02.27"]
[Round "1.41"]
[White "Kozlov, Alexander"]
[Black "Herold, Gunther"]
[Result "1-0"]
[WhiteElo "2152"]
[BlackElo "1902"]
[Annotator "chessorg"]
[PlyCount "41"]
[EventDate "2015.??.??"]
[WhiteTeam "Stuttgarter SF 1879"]
[BlackTeam "SK Oberguenzburg"]

1. d4 Nf6 2. c4 e5 3. dxe5 Ng4 4. Nf3 Bc5 5. e3 Nc6 6. Be2 Ngxe5 7. Nxe5 Nxe5
8. a3 a5 9. O-O O-O 10. Nc3 Re8 11. Qc2 Ra6 12. Ne4 Bf8 13. f4 Ng6 14. c5 Rae6
15. Ng5 Rc6 16. b4 h6 17. Nf3 d5 18. Bb5 Qf6 19. Nd4 Re4 20. Nxc6 Qxa1 21. Bb2
1-0

[Event "ChessOrg Schachfestival  2015 - Open"]
[Site "Bad Wörishofen"]
[Date "2015.02.27"]
[Round "1.48"]
[White "Funke, Joerg-Dietmar"]
[Black "Schaefer, Michael"]
[Result "0-1"]
[WhiteElo "1878"]
[BlackElo "2124"]
[Annotator "chessorg"]
[PlyCount "58"]
[EventDate "2015.??.??"]
[WhiteTeam "Schachclub Naunhof"]
[BlackTeam "Freibauer Moerlenbach-Birkenau"]

1. e4 c5 2. Nc3 Nc6 3. g3 g6 4. Bg2 Bg7 5. d3 Nf6 6. f4 d6 7. Nf3 O-O 8. O-O
Rb8 9. a4 a6 10. h3 b5 11. axb5 axb5 12. Nh4 b4 13. Ne2 Qb6 14. Kh2 Nd7 15. Rb1
Ba6 16. Be3 Nd4 17. g4 Bb5 18. Qd2 Rfc8 19. f5 Nxe2 20. Qxe2 Qc7 21. b3 d5+ 22.
Kh1 dxe4 23. Bf4 Be5 24. Qxe4 Bxf4 25. Qxf4 Qxf4 26. Rxf4 g5 27. Re4 gxh4 28.
Rxe7 Re8 29. Rbe1 Kf8 0-1